000 00665cam a22002293a 4500
001 15035
003 PGUSA
005 20140828083325.0
008 050213s2005||||xxu|||||s|||||000 | eng d
040 _aPGUSA
_beng
042 _adc
050 4 _aSH
100 1 _aRich, Walter H.
_q(Walter Herbert),
_d1866-
245 1 0 _aFishing Grounds of the Gulf of Maine
_h[electronic resource] /
_cWalter H. Rich
260 _bProject Gutenberg,
_c2005
506 _aPublic domain in the USA.
516 _aElectronic text
653 _aFisheries -- Maine, Gulf of
830 0 _aProject Gutenberg
_v15035
856 4 0 _uhttp://www.gutenberg.org/ebooks/15035
942 _cEB
999 _c244290
_d244290